000
00233nam a2200097Ia 4500
001
683310
005
20250826161435.0
008
250824s9999 xx 000 0 und d
245
0
_a
BABI ESRAR
_c
AHMET ÜMİT
260
_b
EVEREST YAYINLARI
999
_c
683310
_d
683310